000 00595nam a2200193Ia 4500
003 GCL
008 140319s9999 xx 000 0 ara d
040 _aGCL /
_cGCL
082 0 4 _a229.3
_bا ق
100 1 _aالسيد ابو ضيف المدنى
245 1 0 _aقل يارب: سبحان فى عالم الضياء /
_cالسيد ابو ضيف المدنى
260 _a[S.N] :
_bدار الشروق ،
_c1981
300 _a144 ص
490 _a
650 0 4 _aالاسلام
650 0 4 _aالاخلاق الاسلامية
650 0 4 _aالاداب الاسلامية
942 _2ddc
_cBK
999 _c53693
_d53693